000 00480nam a2200181Ia 4500
001 9874
005 20260306161750.0
008 260306t2014||||xx |||||||||||||| ||spa||
041 _aESP
082 _a808.02
_bU61 2014
100 _aUniversidad Católica San Pablo
_eAUT
245 0 _aProtocolo de procedimientos para las publicaciones en la Universidad Católica San Pablo
260 _c2014
300 _a
_c
650 _aGEN
654 _aCHU
942 _cLIB
_dJUS
_fJUS
_2ddc
_n
999 _c9874
_d9874